02377nam a22001697a 4500003000900000005001700009008004100026040002800067082002400095110006900119245026700188260005000455300004700505504005100552505157700603650002702180DO-CoUTE20260523142807.0260523b dr ||||| |||| 00| 0 spa d aDO-CoUTEbspacDO-CoUTE aRD 363.8567293R426P1 aMinisterio de la presidencia de la Republica Dominicana eAutor 10aActualidad y futuro para lograrla soberanía y seguridad alimentaria y nutricional en la República Dominicana: Generación y transferencia de conocimientos y tecnología /cEditores: Carlos M. Rodríguez Peña, Francisco Roberto Arias Milla, Modesto Reyes aSanto Domingo, República Dominicana ;c2024 a258 Paginas : bIlustraciones ;c22x23cm,  aIncluye referencia bibliográfica e índice. aCapítulo I.-introducción, de contextualización, conceptualización y organización del evento, método trabajos seminario -- Capítulo Il.- producción de combustibles sostenibles de avión: balance delicado entre beneficios económicos y ambientales (conferencia magistral) Robert J. Macias, Aidan Garcia, Manuel García-Pérez -- Capítulo III.- conferencia magistral Arturo Bisonó -- Capítulo IV.- Mesa 1: soberanía y seguridad alimentaria y nutricional de todos los estratos poblacionales dominicanos, políticas, organización, y roles institucionales -- Capítulo V.- Mesa 2: Disponibilidad y acceso a los alimentos: producción, importación y procesamiento de alimentos -- Capítulo VI. - Mesa 3: Análisis del impacto del cambio climático (cc) en las cadenas de producción, y al uso y conservación de los recursos naturales (genéticos, forestales, edáficos, y acuíferos) soberanía y seguridad alimentaria y nutricional -- Capítulo VII.- Mesa 4: Organización institucional y capacidad del sistema nacional de investigaciones Agropecuarias y Forestales-SINIAF -- Capítulo VIII.- Mesa 5: Estrategias financieras, actuales y futuras, para la generación y transferencia de tecnología, agroalimentaria y forestal (GYTTAF), producción y procesamiento de alimentos para lograr incrementar la seguridad y soberanía alimentaria y nutricional (SSAN) -- Capítulo IX. - Sistema universitario de integración cientifica-tecnológica agro-alimentaria y forestal -- Capítulo X.- Discusión y conclusiones generales. 4aSeguridad Alimentaria